| 000 | 00417nmm a2200157Ia 4500 | ||
|---|---|---|---|
| 008 | 251105s9999||||xx |||||||||||||||||und|| | ||
| 041 | _aspa | ||
| 100 | _aWylde, Joanna | ||
| 245 | 0 | _aObsesión total | |
| 264 |
_a[Madrid, España] : _bLibros de Seda, _c2015 |
||
| 300 | _a0 páginas | ||
| 490 | _aReapers MC | ||
| 650 | _aErotic novel | ||
| 856 | _uhttps://public.digitaliapublishing.com/a/88042 | ||
| 942 | _cCF | ||
| 999 |
_c100506 _d100506 |
||